<?xml version="1.0" encoding="UTF-8"?><?xml-stylesheet type="text/xsl" href="static/style.xsl"?><OAI-PMH xmlns="http://www.openarchives.org/OAI/2.0/" xmlns:xsi="http://www.w3.org/2001/XMLSchema-instance" xsi:schemaLocation="http://www.openarchives.org/OAI/2.0/ http://www.openarchives.org/OAI/2.0/OAI-PMH.xsd"><responseDate>2026-05-16T23:02:04Z</responseDate><request verb="GetRecord" identifier="oai:repisalud.isciii.es:20.500.12105/11054" metadataPrefix="marc">https://repisalud.isciii.es/rest/oai/request</request><GetRecord><record><header><identifier>oai:repisalud.isciii.es:20.500.12105/11054</identifier><datestamp>2024-10-17T14:31:42Z</datestamp><setSpec>com_20.500.12105_25181</setSpec><setSpec>com_20.500.12105_6723</setSpec><setSpec>com_20.500.12105_2337</setSpec><setSpec>com_20.500.12105_2336</setSpec><setSpec>col_20.500.12105_25183</setSpec></header><metadata><record xmlns="http://www.loc.gov/MARC21/slim" xmlns:dcterms="http://purl.org/dc/terms/" xmlns:doc="http://www.lyncode.com/xoai" xmlns:xsi="http://www.w3.org/2001/XMLSchema-instance" xsi:schemaLocation="http://www.loc.gov/MARC21/slim http://www.loc.gov/standards/marcxml/schema/MARC21slim.xsd">
   <leader>00925njm 22002777a 4500</leader>
   <datafield ind2=" " ind1=" " tag="042">
      <subfield code="a">dc</subfield>
   </datafield>
   <datafield ind2=" " ind1=" " tag="720">
      <subfield code="a">Sierra Moros, María José</subfield>
      <subfield code="e">author</subfield>
   </datafield>
   <datafield ind2=" " ind1=" " tag="260">
      <subfield code="c">2020-08-27</subfield>
   </datafield>
   <datafield ind2=" " ind1=" " tag="520">
      <subfield code="a">• Las situaciones epidémicas que evolucionan de forma rápida requieren sistemas que nos permitan la alerta precoz y definiciones sensibles&#xd;
• Rápida evolución en los escenarios de pandemia que llevó a actualizar en numerosas ocasiones la estrategia de vigilancia.&#xd;
• La realidad no era la misma en todas las CCAA. Diferentes escenarios y diferentes capacidades.&#xd;
• Dificultad en las pruebas diagnósticas. Vigilancia basada en casos graves. Cierta distorsión con los test rápidos (periodo corto).&#xd;
• La rápida saturación de los sistemas de vigilancia hizo que se recurriera a información numérica en vez de individualizada. Validación retrospectiva.&#xd;
• La información numérica puede ser útil en momentos de crisis para obtener información a tiempo real, pero puede dar lugar a sesgos&#xd;
• Se ha puesto de manifiesto la dificultad para afrontar una situación como la pandemia de COVID-19 con los sistemas de vigilancia y los recursos de salud pública disponibles.&#xd;
• Necesidad de crear sistemas más flexibles y robustos&#xd;
• Es fundamental que los sistemas de vigilancia en SP estén integrados con los sistemas asistenciales y poblacionales. Automatización de los procesos. (ha habido mucho trabajo manual)&#xd;
• No es un problema tecnológico sino organizativo y de voluntad de las administraciones. Ha habido mucha inversión en innovación y no ha repercutido apenas en la mejora de los sistemas de vigilancia&#xd;
• Es necesario personal suficiente para la vigilancia y el análisis. Consolidar las unidades de vigilancia y crear las alianzas necesarias.&#xd;
• ¿Teníamos los sistemas y la estructura adecuada para la vigilancia de un virus pandémico? ¿Cómo deberíamos trabajar para conseguirlo?&#xd;
• ¿Ha sido útil la vigilancia para la alerta temprana?&#xd;
• ¿La definición de caso ha sido siempre suficientemente sensible?&#xd;
• ¿Hemos sabido definer cual era la información necesaria en cada momento? ¿Ha habido un balance adecuado entre la cantidad- oportunidad-calidad de la información?&#xd;
• ¿La dificultad en la gestión de la información nos ha permitido hacer un análisis oportuno en todos los niveles?&#xd;
• ¿Hasta cuando se podrá mantener el actual sistema de individualizada universal si siguen aumentando los casos?</subfield>
   </datafield>
   <datafield ind1="8" ind2=" " tag="024">
      <subfield code="a">COVID-19: la epidemiología, la microbiología y la investigación en las estrategias de vigilancia y control de la pandemia. Universidad Internacional Menéndez Pelayo. 2020 ﻿</subfield>
   </datafield>
   <datafield ind1="8" ind2=" " tag="024">
      <subfield code="a">http://hdl.handle.net/20.500.12105/11054</subfield>
   </datafield>
   <datafield tag="653" ind2=" " ind1=" ">
      <subfield code="a">Investigación en salud</subfield>
   </datafield>
   <datafield tag="653" ind2=" " ind1=" ">
      <subfield code="a">COVID-19</subfield>
   </datafield>
   <datafield tag="653" ind2=" " ind1=" ">
      <subfield code="a">SARS- Cov_2</subfield>
   </datafield>
   <datafield tag="653" ind2=" " ind1=" ">
      <subfield code="a">Coronavirus</subfield>
   </datafield>
   <datafield ind2="0" ind1="0" tag="245">
      <subfield code="a">Sistemas de Vigilancia Epidemiológica de COVID-19. Vigilancia epidemiológica de COVID durante la pandemia. La notificación de casos</subfield>
   </datafield>
</record></metadata></record></GetRecord></OAI-PMH>